MARC

LEADER 00000nam0a2200000 4500
001 328424
005 20231102004047.0
035 |a (RuTPU)RU\TPU\book\354124 
090 |a 328424 
100 |a 20170216d1937 m y0rusy50 ca 
101 0 |a rus 
102 |a RU 
105 |a a z 001zy 
200 1 |a Л. В. Собинов: жизнь и творчество  |f отв. ред. Я. О. Боярский 
210 |a Москва  |c Музгиз  |d 1937 
215 |a 266 с.  |c ил. 
320 |a Библиография: с. 247-258 
320 |a Иконография: с. 259-265 
600 1 |a Собинов  |g Леонид Витальевич  |b Л. В.  |c русский певец  |f 1872-1934  |2 stltpush  |3 (RuTPU)RU\TPU\pers\1334 
606 1 |a Исполнители  |2 stltpush  |3 (RuTPU)RU\TPU\subj\13218  |9 39867 
610 1 |a вокальное искусство 
610 1 |a опера 
610 1 |a певцы 
610 1 |a сценический образ 
610 1 |a эстрада 
610 1 |a музыкальное творчество 
610 1 |a общественная жизнь 
675 |a 78.071.2  |v 4 
702 1 |a Боярский  |b Я. О.  |4 340 
801 1 |a RU  |b 63413507  |c 20170216 
801 2 |a RU  |b 63413507  |c 20201002  |g RCR 
942 |c BK